000 00834nac a22002291u 4500
010 _a98027081
020 _a8174731148
082 0 0 _a657.044
_bD191
090 _c1097
_d1097
100 _aDansby, Robert L.
245 1 0 _aParadigm college accounting.
_pChapters 1-29 /
_cRobert L. Dansby, Burton S. Kaliski, Michael D. Lawrence.
250 _a4th ed.
260 _aNew Delhi :
_bA. I. T. B. S. publishers and distributers,
_c2000.
300 _axxviii, 1061 p. :
_bcol. ill. ;
_c29 cm.
500 _aIncludes index.
650 0 _aAccounting.
700 1 _aKaliski, Burton S.
700 1 _aLawrence, Michael D.,
_d1948-
700 1 _aDansby, Robert L.
942 _cBB
_k657.044D191
999 _c1097
_d1097